000
00338 a2200157 4500
001
46800
020
_a
9788574169545
040
_c
Anchieta - Aquarius
100
_a
Schubach, Taline
240
1
0
_a
Foi o Coelho!
_l
por
245
1
0
_a
Foi o Coelho!
300
_a
362
0
_a
2014
650
4
_a
Literatura infanto-juvenil
942
_c
BK
999
_c
46800
_d
46800